[Event "WY U-16 Chess Olympiad 2019"]
[Site "Corum"]
[Date "2019.11.05"]
[Round "9"]
[White "Pheephacharakan, Pinatpong"]
[Black "Navaratnam, Rohan Shan Tze"]
[Result "0-1"]
[WhiteElo "1785"]
[BlackElo "2061"]
[Annotator "NA"]
[PlyCount "112"]
[EventDate "2019.10.28"]
[EventType "team-tourn"]
[EventCountry "TUR"]
[SourceTitle "playchess.com"]
[Source "ChessBase"]
[SourceQuality "1"]

1. c4 e5 2. Nc3 Nf6 3. Nf3 e4 4. Ng5 b5 5. cxb5 d5 6. d4 a6 7. e3 axb5 8. Bxb5+ c6 9. Be2 h6 10. Nh3 Bxh3 11. gxh3 Bd6 12. a3 O-O 13. Bd2 Qd7 14. Bf1 Nh7 15. Na4 Ng5 16. Bg2 Qf5 17. Nc5 Nf3+ 18. Bxf3 exf3 19. Qb3 Bxc5 20. dxc5 Nd7 21. Bb4 Nf6 22. Rg1 Ne4 23. Qc2 Qxh3 24. O-O-O Qxh2 25. Rdf1 Qe5 26. Rg4 Rfb8 27. Kb1 g5 28. Rh1 Kg7 29. Rh3 Qf5 30. Rhh4 Kh7 31. Rxe4 dxe4 32. Rxe4 Re8 33. Rd4 Qxc2+ 34. Kxc2 Rad8 35. Rd6 Rxd6 36. cxd6 Rd8 37. Kd2 f5 38. a4 Kg6 39. a5 Kf7 40. Bc5 Ra8 41. b4 Ke6 42. Ke1 h5 43. Kf1 g4 44. Kg1 h4 45. Kh2 Kd7 46. Bd4 g3+ 47. fxg3 f2 48. Kg2 hxg3 49. Be5 Rb8 50. Bxg3 Rxb4 51. Kxf2 Ra4 52. Kf3 Rxa5 53. e4 Ra3+ 54. Kf4 fxe4 55. Be1 e3 56. Kf3 Rb3 0-1

[Event "WY U-16 Chess Olympiad 2019"]
[Site "Corum"]
[Date "2019.11.05"]
[Round "9"]
[White "Ding, Dao En"]
[Black "Schonken, Christina"]
[Result "1/2-1/2"]
[WhiteElo "1731"]
[BlackElo "1166"]
[Annotator "NA"]
[PlyCount "105"]
[EventDate "2019.10.28"]
[EventType "team-tourn"]
[EventCountry "TUR"]
[SourceTitle "playchess.com"]
[Source "ChessBase"]
[SourceQuality "1"]

1. d4 d5 2. Nf3 Nf6 3. Bf4 e6 4. e3 Be7 5. h3 Nbd7 6. Bd3 b6 7. Nbd2 Bb7 8. O-O O-O 9. c3 c5 10. Bc2 cxd4 11. exd4 Rc8 12. Ne5 Nxe5 13. dxe5 Nd7 14. Qg4 g6 15. Nf3 Nc5 16. Bh6 Re8 17. Ng5 Bxg5 18. Bxg5 Qc7 19. Bf6 Nd7 20. Qg5 Nxf6 21. exf6 Qd8 22. h4 h6 23. Qe5 Qc7 24. Qe3 Qd8 25. Qf3 Rf8 26. h5 Ba8 27. Rae1 d4 28. Qh3 Qxf6 29. hxg6 Bd5 30. Rd1 dxc3 31. gxf7+ Qxf7 32. Rd3 Qf6 33. Rg3+ Kf7 34. Rg6 Qe5 35. Rxh6 Rh8 36. Bg6+ Ke7 37. Qh4+ Kd7 38. Rh7+ Rxh7 39. Qxh7+ Kd6 40. Qxa7 Rh8 41. Bh7 Qh5 42. Qxb6+ Bc6 43. Qd4+ Qd5 44. Qxd5+ Bxd5 45. Bb1 cxb2 46. Rd1 Kc5 47. f3 Rb8 48. Kf2 Ra8 49. Rd2 Rb8 50. Rd1 Ra8 51. Rd2 Rb8 52. Rd1 Ra8 53. Rd2 1/2-1/2

[Event "WY U-16 Chess Olympiad 2019"]
[Site "Corum"]
[Date "2019.11.05"]
[Round "9"]
[White "de Jager, Andreas"]
[Black "Singh, Eshwant"]
[Result "1-0"]
[WhiteElo "1728"]
[BlackElo "1910"]
[Annotator "NA"]
[PlyCount "119"]
[EventDate "2019.10.28"]
[EventType "team-tourn"]
[EventCountry "TUR"]
[SourceTitle "playchess.com"]
[Source "ChessBase"]
[SourceQuality "1"]

1. e4 c6 2. d4 d5 3. Nd2 dxe4 4. Nxe4 Bf5 5. Ng3 Bg6 6. h4 h6 7. Nf3 Nd7 8. h5 Bh7 9. Bd3 Bxd3 10. Qxd3 e6 11. Bd2 Ngf6 12. O-O-O Be7 13. Ne4 Nxe4 14. Qxe4 Nf6 15. Qe2 Qc7 16. Ne5 Bd6 17. Kb1 O-O-O 18. Nc4 Be7 19. Ba5 b6 20. Be1 Nd5 21. Bd2 Bf6 22. Be3 b5 23. Nd2 e5 24. Ne4 Be7 25. c4 Nxe3 26. fxe3 exd4 27. cxb5 Qe5 28. exd4 Qxb5 29. Qc2 Rd7 30. Rh3 Rhd8 31. a4 Qa6 32. Rc3 Kb7 33. Rc4 Rc8 34. d5 c5 35. Nxc5+ Bxc5 36. Rxc5 Rxc5 37. Qxc5 Rc7 38. Qb4+ Qb6 39. Qe4 Qd6 40. Rd3 Re7 41. Rb3+ Kc8 42. Qc4+ Rc7 43. Qb5 Kd8 44. Qb8+ Kd7 45. Qb5+ Kd8 46. Re3 Qd7 47. Qb8+ Qc8 48. Qxc8+ Kxc8 49. Re8+ Kb7 50. Rg8 f6 51. Rd8 Kb6 52. d6 Rf7 53. b4 Kc6 54. Kc2 f5 55. d7 Rxd7 56. Rxd7 Kxd7 57. Kd3 Kc6 58. Kd4 Kd6 59. b5 f4 60. a5 1-0

[Event "WY U-16 Chess Olympiad 2019"]
[Site "Corum"]
[Date "2019.11.05"]
[Round "9"]
[White "Garayev, Sadig"]
[Black "Ozenir, Ekin Baris"]
[Result "0-1"]
[WhiteElo "1723"]
[BlackElo "2274"]
[Annotator "RC"]
[PlyCount "70"]
[EventDate "2019.10.28"]
[EventType "team-tourn"]
[EventCountry "TUR"]
[SourceTitle "playchess.com"]
[Source "ChessBase"]
[SourceQuality "1"]

1. e4 Nc6 2. Nf3 d6 3. d4 Nf6 4. Nc3 g6 5. Be2 Bg7 6. O-O O-O 7. d5 Nb8 8. h3 e5 9. dxe6 Bxe6 10. Nd4 Bd7 11. Bg5 h6 12. Be3 Re8 13. Bd3 Nc6 14. Nde2 Ne5 15. f4 Nxd3 16. cxd3 c5 17. e5 dxe5 18. Bxc5 exf4 19. Nxf4 Bc6 20. Qd2 g5 21. Nfe2 Ne4 22. Nxe4 Bxe4 23. d4 Rc8 24. Rac1 b6 25. Bb4 Qd5 26. Rfd1 Rcd8 27. Nc3 Qxd4+ 28. Qxd4 Bxd4+ 29. Rxd4 Rxd4 30. Nxe4 Rdxe4 31. Bc3 Rd8 32. Kh2 Re2 33. a4 f5 34. Rf1 f4 35. h4 Rd3 0-1

[Event "WY U-16 Chess Olympiad 2019"]
[Site "Corum"]
[Date "2019.11.05"]
[Round "9"]
[White "Kiripitige, Chathula"]
[Black "Mhango, Banele"]
[Result "0-1"]
[WhiteElo "1665"]
[BlackElo "2010"]
[Annotator "NA RC"]
[PlyCount "66"]
[EventDate "2019.10.28"]
[EventType "team-tourn"]
[EventCountry "TUR"]
[SourceTitle "playchess.com"]
[Source "ChessBase"]
[SourceQuality "1"]

1. e4 c5 2. Nf3 d6 3. d4 cxd4 4. Nxd4 Nf6 5. Nc3 a6 6. f3 e5 7. Nb3 Be6 8. Bg5 Be7 9. Qd2 Nbd7 10. O-O-O Rc8 11. h4 b5 12. g4 O-O 13. Be2 Qc7 14. Be3 b4 15. Nb1 a5 16. g5 Nh5 17. Bb5 f5 18. gxf6 Ndxf6 19. Rdg1 d5 20. exd5 Nxd5 21. Bh6 Ndf4 22. c3 Kh8 23. Bg5 a4 24. Bxa4 Rfd8 25. Qe3 Nd3+ 26. Kc2 Bf5 27. Bxe7 Qxe7 28. Rg5 Qf7 29. Rhg1 Nc5+ 30. Kc1 Nxa4 31. Qxe5 Bg6 32. Nd4 Nc5 33. Nf5 Nd3+ 0-1

[Event "WY U-16 Chess Olympiad 2019"]
[Site "Corum"]
[Date "2019.11.05"]
[Round "9"]
[White "Burbach, Brunel Baron"]
[Black "Ahmed, Jaza Jamal"]
[Result "0-1"]
[WhiteElo "1642"]
[BlackElo "2011"]
[Annotator "NA"]
[PlyCount "82"]
[EventDate "2019.10.28"]
[EventType "team-tourn"]
[EventCountry "TUR"]
[SourceTitle "playchess.com"]
[Source "ChessBase"]
[SourceQuality "1"]

1. e4 c5 2. Nf3 d6 3. Bb5+ Nd7 4. O-O Ngf6 5. Re1 a6 6. Bxd7+ Nxd7 7. c3 e5 8. d4 Be7 9. Be3 O-O 10. Nbd2 b5 11. h3 Bb7 12. a4 h6 13. Qe2 bxa4 14. Rxa4 Qc7 15. d5 Nb6 16. Ra3 f5 17. exf5 Nxd5 18. g4 Qc6 19. Kg2 a5 20. Rg1 Bf6 21. Kf1 Ba6 22. c4 Nf4 23. Bxf4 exf4 24. b3 Rfe8 25. Qd3 d5 26. g5 dxc4 27. bxc4 Rad8 28. gxf6 Rxd3 29. Rxg7+ Kf8 30. Rxd3 Qxf6 31. Rg6 Qxf5 32. Rdd6 Qxh3+ 33. Kg1 Bb7 34. Rxh6 Qg4+ 35. Kh2 Kg7 36. Rh4 Rh8 37. Rxh8 Kxh8 38. Rd8+ Kg7 39. Rd3 a4 40. Ra3 Bc6 41. Rd3 Qh5+ 0-1

[Event "WY U-16 Chess Olympiad 2019"]
[Site "Corum"]
[Date "2019.11.05"]
[Round "9"]
[White "Dahampriya, H K T Dewnethmie"]
[Black "Shaw, Laurie Ann"]
[Result "1-0"]
[WhiteElo "1629"]
[BlackElo "1274"]
[Annotator "NA"]
[PlyCount "121"]
[EventDate "2019.10.28"]
[EventType "team-tourn"]
[EventCountry "TUR"]
[SourceTitle "playchess.com"]
[Source "ChessBase"]
[SourceQuality "1"]

1. e4 c5 2. Nf3 Nc6 3. Bb5 Nd4 4. Nxd4 cxd4 5. O-O g6 6. d3 Bg7 7. f4 a6 8. Bc4 e6 9. Nd2 Ne7 10. Bb3 O-O 11. g4 d5 12. e5 Nc6 13. Nf3 a5 14. a4 Bd7 15. Qe1 Qc7 16. g5 Rfb8 17. Qf2 b5 18. axb5 Rxb5 19. Ba4 Rb7 20. Bxc6 Bxc6 21. Nxd4 Bd7 22. Qh4 Qc5 23. c3 a4 24. Ra3 Rb3 25. Rxb3 axb3 26. Kg2 Qb6 27. Be3 Ra2 28. Qf2 Qb7 29. Kg3 Bf8 30. Rb1 Ba3 31. Qd2 Ba4 32. Ne2 Bd7 33. Nc1 Qb5 34. Nxa2 bxa2 35. Ra1 Qxb2 36. Rxa2 Qxd2 37. Bxd2 Bc5 38. Bc1 Kg7 39. c4 Bc6 40. Ra6 Bb7 41. Ra5 Bd4 42. c5 Kf8 43. Kf3 Ke8 44. Ba3 Kd8 45. Ra4 Bc3 46. d4 Bc6 47. Ra6 Kd7 48. Ke3 Bb7 49. Rb6 Bc6 50. Bb4 Bxb4 51. Rxb4 Kc7 52. Rb6 Be8 53. Kd3 Bc6 54. Kc3 Ba4 55. Kb4 Bc6 56. Ka5 Be8 57. Ka6 Ba4 58. Rb7+ Kc8 59. Rxf7 Bd7 60. Rxd7 Kxd7 61. Kb7 1-0

[Event "WY U-16 Chess Olympiad 2019"]
[Site "Corum"]
[Date "2019.11.05"]
[Round "9"]
[White "Taban, Yagiz"]
[Black "Mohamed Ali S"]
[Result "1-0"]
[WhiteElo "1591"]
[BlackElo "1073"]
[Annotator "NA RC"]
[PlyCount "41"]
[EventDate "2019.10.28"]
[EventType "team-tourn"]
[EventCountry "TUR"]
[SourceTitle "playchess.com"]
[Source "ChessBase"]
[SourceQuality "1"]

1. Nc3 d5 2. e4 dxe4 3. Nxe4 Nc6 4. Nf3 Nf6 5. Nxf6+ exf6 6. Bb5 Bd7 7. O-O Be7 8. d4 a6 9. Bd3 Be6 10. Re1 Nxd4 11. Nxd4 Qxd4 12. Bb5+ axb5 13. Qxd4 O-O 14. Qc3 Rfe8 15. Qxc7 Rab8 16. Bf4 b6 17. Qxb8 Rxb8 18. Bxb8 Bc5 19. Rad1 Bf8 20. Rd8 h6 21. Bd6 1-0

[Event "WY U-16 Chess Olympiad 2019"]
[Site "Corum"]
[Date "2019.11.05"]
[Round "9"]
[White "Claassen, Jean-Daniel"]
[Black "Foo, Jiu Weir Brien"]
[Result "0-1"]
[WhiteElo "1573"]
[BlackElo "1731"]
[Annotator "NA"]
[PlyCount "110"]
[EventDate "2019.10.28"]
[EventType "team-tourn"]
[EventCountry "TUR"]
[SourceTitle "playchess.com"]
[Source "ChessBase"]
[SourceQuality "1"]

1. e4 e5 2. Nf3 Nf6 3. Nxe5 d6 4. Nf3 Nxe4 5. d4 d5 6. c4 Bb4+ 7. Nbd2 O-O 8. Be2 dxc4 9. Bxc4 Bg4 10. O-O Nxd2 11. Bxd2 Bxd2 12. Qxd2 Bxf3 13. gxf3 Nc6 14. d5 Ne5 15. Be2 Qd6 16. f4 Ng6 17. f5 Ne5 18. f4 Nd7 19. Rad1 Nf6 20. Bf3 Rad8 21. Rf2 Rfe8 22. Qd4 b6 23. Rc2 Re7 24. Rc6 Qxc6 25. dxc6 Rxd4 26. Rxd4 Kf8 27. Kf2 Re8 28. b4 a5 29. bxa5 bxa5 30. Ra4 Ra8 31. Rd4 Ke7 32. Ke3 Rb8 33. Ra4 Rb5 34. Ra3 Rxf5 35. Rb3 Kd6 36. Rd3+ Nd5+ 37. Kf2 Kxc6 38. Kg3 Kc5 39. Be4 Rh5 40. Bf3 Rh3+ 41. Kg4 h5+ 42. Kf5 c6 43. Ra3 Ne7+ 44. Ke5 Ng6+ 45. Ke4 f5+ 46. Ke3 Nh4 47. Kf2 Rxf3+ 48. Rxf3 Nxf3 49. Kxf3 Kd4 50. Kg3 Ke3 51. Kh4 Kxf4 52. Kxh5 g5 53. a4 c5 54. h4 gxh4 55. Kxh4 c4 0-1

[Event "WY U-16 Chess Olympiad 2019"]
[Site "Corum"]
[Date "2019.11.05"]
[Round "9"]
[White "Thenuwara, Rashmika"]
[Black "Bester, Carla"]
[Result "0-1"]
[WhiteElo "1507"]
[BlackElo "1260"]
[Annotator "NA RC"]
[PlyCount "172"]
[EventDate "2019.10.28"]
[EventType "team-tourn"]
[EventCountry "TUR"]
[SourceTitle "playchess.com"]
[Source "ChessBase"]
[SourceQuality "1"]

1. d4 Nf6 2. c4 g6 3. Nc3 Bg7 4. e4 d6 5. f3 O-O 6. Be3 e5 7. d5 Nbd7 8. Bd3 Kh8 9. Qd2 Ng8 10. g4 Nc5 11. Bc2 Ne7 12. b4 Nd7 13. h4 f5 14. gxf5 gxf5 15. Bg5 f4 16. Nb5 Nf6 17. O-O-O a6 18. Nc3 h6 19. Kb1 Nh7 20. Qh2 Rf7 21. Bxe7 Qxe7 22. Qf2 Bf6 23. Nge2 Nf8 24. Rdg1 Rg7 25. Rxg7 Kxg7 26. Rg1+ Kh8 27. Qg2 Qf7 28. Qf2 Ng6 29. Rh1 Qe7 30. h5 Nf8 31. Ba4 Nd7 32. Nc1 Nb6 33. Bb3 a5 34. b5 a4 35. Bc2 Nxc4 36. Bxa4 Nb6 37. Bb3 Bd7 38. a4 Qd8 39. Qd2 Be8 40. Nd3 c6 41. Nb2 cxb5 42. Nxb5 Bxb5 43. axb5 Nd7 44. Na4 Qa5 45. Qxa5 Rxa5 46. Rc1 Nf8 47. b6 Ra8 48. Rc7 Rb8 49. Rf7 Bg7 50. Nc3 Kg8 51. Rc7 Bf6 52. Nb5 Nh7 53. Nxd6 Bd8 54. Rxb7 Rxb7 55. Nxb7 Bxb6 56. Nd6 Nf6 57. Nf5 Kh7 58. Kc2 Nxh5 59. Kd3 Ng7 60. Nxg7 Kxg7 61. Ba4 Kf6 62. Bd7 Kg5 63. Ke2 Kh4 64. Ba4 Kg3 65. d6 h5 66. d7 h4 67. Kf1 Kxf3 68. Bc2 h3 69. d8=Q Bxd8 70. Kg1 Kg3 71. Bd3 f3 72. Bf1 Kf4 73. Bxh3 Kxe4 74. Kf1 Ke3 75. Be6 e4 76. Bd5 Kf4 77. Bc6 e3 78. Bb5 Ke5 79. Ba6 Kd4 80. Bb5 Kc3 81. Ba6 Kd2 82. Bb5 e2+ 83. Kf2 e1=Q+ 84. Kxf3 Qe3+ 85. Kg4 Qg5+ 86. Kf3 Qxb5 0-1

[Event "WY U-16 Chess Olympiad 2019"]
[Site "Corum"]
[Date "2019.11.05"]
[Round "9"]
[White "Putter, Nicola"]
[Black "Watkins, Rachel Jane"]
[Result "1-0"]
[WhiteElo "1421"]
[BlackElo "1212"]
[Annotator "NA"]
[PlyCount "103"]
[EventDate "2019.10.28"]
[EventType "team-tourn"]
[EventCountry "TUR"]
[SourceTitle "playchess.com"]
[Source "ChessBase"]
[SourceQuality "1"]

1. e4 e5 2. Nf3 Nc6 3. Bc4 Bc5 4. c3 Nf6 5. d4 exd4 6. cxd4 Bb4+ 7. Bd2 Nxe4 8. Bxb4 Nxb4 9. Bxf7+ Kxf7 10. Qb3+ Ke8 11. Qxb4 Qe7 12. Qxe7+ Kxe7 13. O-O Re8 14. Re1 Kf8 15. Nc3 Nf6 16. Nb5 Rxe1+ 17. Rxe1 c6 18. Nd6 h6 19. Ne5 Kg8 20. Ng6 Nd5 21. Re8+ Kh7 22. Nf8+ Kg8 23. Nxd7+ Kh7 24. Nxc8 Nc7 25. Nf8+ Kg8 26. Ne7+ Kf7 27. Rxa8 Nxa8 28. Nfg6 Nc7 29. f4 Ne6 30. f5 Nxd4 31. Nc8 Nxf5 32. Nf4 g5 33. Nd3 Ke8 34. g4 Nd4 35. Nd6+ Ke7 36. Nxb7 Kd7 37. Na5 Kc7 38. Ne5 Kb6 39. Nac4+ Kc5 40. Nd2 Kd6 41. Nf7+ Ke6 42. Nxh6 Kf6 43. Ne4+ Ke5 44. Nxg5 Kf6 45. h4 Kg6 46. Nf5 Ne2+ 47. Kf2 Nf4 48. Ne7+ Kf6 49. Kf3 Nd3 50. Nxc6 Nxb2 51. Nxa7 Nc4 52. Kf4 1-0

[Event "WY U-16 Chess Olympiad 2019"]
[Site "Corum"]
[Date "2019.11.05"]
[Round "9"]
[White "Cheng, Amanda"]
[Black "Schnabel, Johann Emil"]
[Result "0-1"]
[WhiteElo "1420"]
[BlackElo "1708"]
[Annotator "NA"]
[PlyCount "88"]
[EventDate "2019.10.28"]
[EventType "team-tourn"]
[EventCountry "TUR"]
[SourceTitle "playchess.com"]
[Source "ChessBase"]
[SourceQuality "1"]

1. e4 c5 2. d4 cxd4 3. c3 d3 4. Bxd3 Nc6 5. Nf3 g6 6. Bf4 Bg7 7. Nbd2 Nf6 8. O-O O-O 9. Qe2 d5 10. Rad1 Nh5 11. Be3 dxe4 12. Nxe4 Qc7 13. a3 Nf4 14. Bxf4 Qxf4 15. h3 Ne5 16. Nc5 Nxf3+ 17. Qxf3 Qxf3 18. gxf3 Bxh3 19. Rfe1 b6 20. Kh2 bxc5 21. Kxh3 e6 22. Be4 Rab8 23. Re2 Rfd8 24. Rc1 Bh6 25. Rcc2 Rd6 26. b4 c4 27. Rb2 Ra6 28. Ra2 Bg7 29. f4 f5 30. Bg2 Rd8 31. b5 Rb6 32. a4 Rd3+ 33. Kh2 a5 34. Bc6 Kf7 35. Rac2 Bh6 36. Kg2 Bxf4 37. f3 h5 38. Kh3 g5 39. Kg2 h4 40. Kh3 Rb8 41. Re1 g4+ 42. Kg2 h3+ 43. Kh1 g3 44. Rce2 Rg8 0-1

[Event "WY U-16 Chess Olympiad 2019"]
[Site "Corum"]
[Date "2019.11.05"]
[Round "9"]
[White "Gardiner, Noa Saxon"]
[Black "Nanayakkara, J A K Saranath"]
[Result "0-1"]
[WhiteElo "1311"]
[BlackElo "1924"]
[Annotator "NA"]
[PlyCount "55"]
[EventDate "2019.10.28"]
[EventType "team-tourn"]
[EventCountry "TUR"]
[SourceTitle "playchess.com"]
[Source "ChessBase"]
[SourceQuality "1"]

1. e4 c5 2. Nc3 Nc6 3. g3 g6 4. Bg2 Bg7 5. d3 d6 6. Be3 e5 7. Qd2 Nge7 8. Bh6 O-O 9. h4 Bxh6 10. Qxh6 f6 11. Qd2 Nd4 12. Nd1 Be6 13. c3 Ndc6 14. h5 g5 15. h6 d5 16. f4 dxe4 17. fxg5 Qxd3 18. Qxd3 exd3 19. Kd2 fxg5 20. Kxd3 Rad8+ 21. Ke2 Nf5 22. Rh2 Nxg3+ 23. Ke1 e4 24. Ne2 Nxe2 25. Kxe2 Ne5 26. Ne3 Bg4+ 27. Ke1 Nd3+ 28. Kd2 0-1

[Event "WY U-16 Chess Olympiad 2019"]
[Site "Corum"]
[Date "2019.11.05"]
[Round "9"]
[White "Booysen, Tineke"]
[Black "Vithanage, I A"]
[Result "1/2-1/2"]
[WhiteElo "1310"]
[BlackElo "1600"]
[Annotator "NA RC"]
[PlyCount "166"]
[EventDate "2019.10.28"]
[EventType "team-tourn"]
[EventCountry "TUR"]
[SourceTitle "playchess.com"]
[Source "ChessBase"]
[SourceQuality "1"]

1. e4 e5 2. Bc4 Nc6 3. Nf3 Bc5 4. c3 Nf6 5. d3 h6 6. O-O d6 7. h3 O-O 8. Re1 Re8 9. Bb3 a6 10. d4 exd4 11. cxd4 Bb4 12. Bd2 Bxd2 13. Nbxd2 Na5 14. Bc2 Bd7 15. e5 dxe5 16. dxe5 Nd5 17. Nb3 Nxb3 18. Bxb3 Be6 19. Nd4 c6 20. Nxe6 fxe6 21. Qg4 Qe7 22. Bxd5 cxd5 23. Rac1 Rac8 24. f4 Rc7 25. Rxc7 Qxc7 26. Kh1 Qc8 27. Qg6 Re7 28. Qd3 Qc5 29. f5 exf5 30. Qxf5 d4 31. Qf4 Qd5 32. b3 d3 33. Qe3 Qa5 34. Rd1 Rxe5 35. Qxd3 Re1+ 36. Rxe1 Qxe1+ 37. Kh2 Qe5+ 38. Qg3 Qe4 39. Qf2 Qc6 40. Qd2 b5 41. Kg1 Qf6 42. Qd5+ Kh7 43. Qe4+ Qg6 44. Qxg6+ Kxg6 45. Kf2 Kf5 46. Kf3 b4 47. g3 Ke5 48. Ke3 g5 49. Kd3 Kd5 50. Ke3 h5 51. Kd3 h4 52. gxh4 gxh4 53. Ke3 Ke5 54. Kf3 Kd4 55. Kg4 Kc3 56. Kxh4 Kb2 57. Kg5 Kxa2 58. h4 Kxb3 59. h5 Ka4 60. h6 b3 61. h7 b2 62. h8=Q b1=Q 63. Qd4+ Ka5 64. Qc3+ Qb4 65. Qc7+ Qb6 66. Qc3+ Kb5 67. Qd3+ Kb4 68. Qe4+ Kc3 69. Qe1+ Kc4 70. Qe2+ Kd5 71. Qa2+ Kc6 72. Qe6+ Kb7 73. Qf7+ Kc8 74. Qc4+ Kb7 75. Qf7+ Kc8 76. Qc4+ Kd7 77. Qf7+ Kc6 78. Qe6+ Kc5 79. Qe3+ Kb5 80. Qb3+ Ka5 81. Qa3+ Kb5 82. Qb3+ Kc6 83. Qe6+ Kb7 1/2-1/2

[Event "WY U-16 Chess Olympiad 2019"]
[Site "Corum"]
[Date "2019.11.05"]
[Round "9"]
[White "Mekarapiruk, Nathasha"]
[Black "Ameer, Dhafer Abdulameer"]
[Result "0-1"]
[WhiteElo "1227"]
[BlackElo "1770"]
[Annotator "NA RC"]
[PlyCount "136"]
[EventDate "2019.10.28"]
[EventType "team-tourn"]
[EventCountry "TUR"]
[SourceTitle "playchess.com"]
[Source "ChessBase"]
[SourceQuality "1"]

1. e4 e5 2. Nf3 Nc6 3. d4 exd4 4. Nxd4 Bc5 5. Nb3 Bb6 6. Nc3 Nf6 7. Qe2 O-O 8. Be3 d5 9. O-O-O Qe7 10. Bxb6 axb6 11. exd5 Ne5 12. Re1 Re8 13. f4 Ng6 14. Qxe7 Rxe7 15. Rxe7 Nxe7 16. Bc4 Bd7 17. Rd1 b5 18. Bxb5 Bxb5 19. Nxb5 Nexd5 20. g3 c6 21. Nd6 b6 22. a3 Ng4 23. h4 Nge3 24. Re1 Rd8 25. c4 Ng2 26. Re2 Nde3 27. Rd2 Kf8 28. Ne4 Re8 29. Nc3 Ne1 30. Rd6 Nxc4 31. Rxc6 Nd3+ 32. Kc2 Ndxb2 33. Nd2 b5 34. Nxc4 Nxc4 35. Nxb5 Ne3+ 36. Kb2 Nf5 37. Rc3 Rb8 38. Rb3 Nxg3 39. Rxg3 Rxb5+ 40. Ka2 Rf5 41. Rf3 h6 42. a4 g5 43. hxg5 hxg5 44. Rg3 Rxf4 45. Rxg5 Rxa4+ 46. Kb3 Rd4 47. Kc3 Rd1 48. Re5 Kg7 49. Kc2 Rd6 50. Re7 Kg6 51. Re8 Kg5 52. Rg8+ Kf4 53. Rf8 f5 54. Kc3 Ke4 55. Re8+ Kf3 56. Rf8 f4 57. Rf5 Ke3 58. Rf7 Rc6+ 59. Kb4 f3 60. Re7+ Kf2 61. Rf7 Ke2 62. Re7+ Kf1 63. Rf7 f2 64. Rf8 Re6 65. Kc4 Ke1 66. Kd5 Re2 67. Rc8 Rd2+ 68. Ke4 f1=Q 0-1

[Event "WY U-16 Chess Olympiad 2019"]
[Site "Corum"]
[Date "2019.11.05"]
[Round "9"]
[White "Mohamed Ali S"]
[Black "Altundal, Arda"]
[Result "0-1"]
[WhiteElo "1073"]
[BlackElo "1776"]
[Annotator "NA RC"]
[PlyCount "58"]
[EventDate "2019.10.28"]
[EventType "team-tourn"]
[EventCountry "TUR"]
[SourceTitle "playchess.com"]
[Source "ChessBase"]
[SourceQuality "1"]

1. e4 c5 2. Nf3 d6 3. d4 cxd4 4. Nxd4 Nf6 5. Nc3 a6 6. Bc4 e6 7. O-O b5 8. Bb3 b4 9. Nce2 Nxe4 10. Ng3 Nf6 11. Bd2 d5 12. c3 bxc3 13. Bxc3 Bd6 14. Re1 O-O 15. Qd3 Nbd7 16. Nf3 Nc5 17. Qc2 Nfe4 18. Nxe4 Nxe4 19. Rad1 Nxc3 20. Qxc3 Bb7 21. Qd3 Qf6 22. Bc2 g6 23. b3 Rac8 24. Rc1 Rc3 25. Qe2 Rfc8 26. Bb1 Rxc1 27. Rxc1 Rxc1+ 28. Ne1 Qc3 29. Kf1 Bb4 0-1